000 00492nam a2200169Ia 4500
008 231221s9999 xx 000 0 und d
020 _a8120305795
041 _aEnglish
082 _a001.6424C TON;5
100 _aTondo, Clovis L Gimpel, Scott E
245 0 _aC answer book : solutions to the exercises in the C programming language
250 _a2nd ed.
260 _c1989
_bPHI
_aNew Delhi
300 _a208
650 _aC,answer,:,solutions,exercises,C,programming
942 _cBC
999 _c202010
_d202010